Welcome to the Holygrace Academy Library

Please use search bar below to get started

MATHEMATICAL CIRCLES (Record no. 1239)

MARC details
000 -LEADER
fixed length control field 00386nam a22001577a 4500
020 ## - INTERNATIONAL STANDARD BOOK NUMBER
ISBN 81-7371-115-1
082 ## - DEWEY DECIMAL CLASSIFICATION NUMBER
Classification number 510
Item number FOM/M
100 ## - MAIN ENTRY--AUTHOR NAME
Personal name FOMIN DMITRI
100 ## - MAIN ENTRY--AUTHOR NAME
Personal name GENKIN SERGEY
100 ## - MAIN ENTRY--AUTHOR NAME
Personal name ITENBERG LLIA
245 ## - TITLE STATEMENT
Title MATHEMATICAL CIRCLES
Remainder of title RUSSIAN EXPERIENCE
260 ## - PUBLICATION, DISTRIBUTION, ETC. (IMPRINT)
Place of publication HYDERABAD
Name of publisher UNIVERSITIES PRESS
Year of publication 2005
300 ## - PHYSICAL DESCRIPTION
Number of Pages 272
650 ## - SUBJECT ADDED ENTRY--TOPICAL TERM
Topical Term MATHS REFERENCE
Geographic subdivision INDIA
942 ## - ADDED ENTRY ELEMENTS (KOHA)
Koha item type Books
Holdings
Withdrawn status Lost status Collection code Home library Current library Shelving location Date acquired Source of acquisition Cost, normal purchase price Full call number Accession Number Koha item type
    Reference Main Library Main Library SHELF-5 A REFERENCE MATHS 10/10/2006 purchase 230.00 510 FOM/M 02833 Books